<?xml version="1.0" encoding="UTF-8"?>
<record
    xmlns:xsi="http://www.w3.org/2001/XMLSchema-instance"
    xsi:schemaLocation="http://www.loc.gov/MARC21/slim http://www.loc.gov/standards/marcxml/schema/MARC21slim.xsd"
    xmlns="http://www.loc.gov/MARC21/slim">

  <leader>00845nam a22002177a 4500</leader>
  <controlfield tag="001">47922</controlfield>
  <controlfield tag="003">BD-RjUL</controlfield>
  <controlfield tag="005">20211209054426.0</controlfield>
  <controlfield tag="008">160811s1985    bg ||||| |||| 00| 0 ben d</controlfield>
  <datafield tag="020" ind1=" " ind2=" ">
    <subfield code="c">: TK 15.00 </subfield>
  </datafield>
  <datafield tag="035" ind1=" " ind2=" ">
    <subfield code="a">(BD-RjUL)48041</subfield>
  </datafield>
  <datafield tag="040" ind1=" " ind2=" ">
    <subfield code="a">BD-RjUL</subfield>
    <subfield code="b">ben </subfield>
    <subfield code="c">BD-RjUL</subfield>
  </datafield>
  <datafield tag="041" ind1=" " ind2=" ">
    <subfield code="a">ben </subfield>
  </datafield>
  <datafield tag="082" ind1=" " ind2=" ">
    <subfield code="2">23 </subfield>
    <subfield code="a">891.71 </subfield>
    <subfield code="b">PRO 1985 </subfield>
  </datafield>
  <datafield tag="245" ind1="0" ind2="0">
    <subfield code="a">&#x9AA;&#x9CD;&#x9B0;&#x9A4;&#x9BF;&#x9B0;&#x9CB;&#x9A7;&#x9C7;&#x9B0; &#x995;&#x9AC;&#x9BF;&#x9A4;&#x9BE;, &#x9AE;&#x9BE;&#x9A8;&#x9AC;&#x9A4;&#x9BE;&#x9B0; &#x995;&#x9AC;&#x9BF;&#x9A4;&#x9BE;  :</subfield>
    <subfield code="b">&#x9A6;&#x9CD;&#x9AC;&#x9C0;&#x9A4;&#x9BF;&#x9AF;&#x9BC; &#x9AE;&#x9B9;&#x9BE;&#x9AF;&#x9C1;&#x9A6;&#x9CD;&#x9A7;&#x995;&#x9BE;&#x9B2;&#x9C0;&#x9A8; &#x9B8;&#x9CB;&#x9AD;&#x9BF;&#x9AF;&#x9BC;&#x9C7;&#x9A4; &#x995;&#x9AC;&#x9BF;&#x9A4;&#x9BE; / </subfield>
  </datafield>
  <datafield tag="260" ind1=" " ind2=" ">
    <subfield code="a">&#x9A2;&#x9BE;&#x995;&#x9BE; :</subfield>
    <subfield code="b">&#x99C;&#x9BE;&#x9A4;&#x9C0;&#x9AF;&#x9BC; &#x9B8;&#x9BE;&#x9B9;&#x9BF;&#x9A4;&#x9CD;&#x9AF; &#x9AA;&#x9CD;&#x9B0;&#x995;&#x9BE;&#x9B6;, </subfield>
    <subfield code="c">&#x9E7;&#x9EF;&#x9EE;&#x9EB; </subfield>
  </datafield>
  <datafield tag="300" ind1=" " ind2=" ">
    <subfield code="a">&#x9EA;&#x9ED; &#x9AA;&#x9C3;. ; </subfield>
    <subfield code="c">&#x9E8;&#x9E7; &#x9B8;&#x9C7;&#x9AE;&#x9BF;. </subfield>
  </datafield>
  <datafield tag="650" ind1=" " ind2=" ">
    <subfield code="a">&#x9B0;&#x9BE;&#x9B6;&#x9BF;&#x9AF;&#x9BC;&#x9BE;&#x9A8; &#x995;&#x9AC;&#x9BF;&#x9A4;&#x9BE; </subfield>
    <subfield code="9">125110</subfield>
  </datafield>
  <datafield tag="650" ind1=" " ind2=" ">
    <subfield code="a">Russian Poetry </subfield>
    <subfield code="9">145433</subfield>
  </datafield>
  <datafield tag="942" ind1=" " ind2=" ">
    <subfield code="2">ddc</subfield>
    <subfield code="c">BK</subfield>
  </datafield>
  <datafield tag="999" ind1=" " ind2=" ">
    <subfield code="c">47922</subfield>
    <subfield code="d">47922</subfield>
  </datafield>
  <datafield tag="952" ind1=" " ind2=" ">
    <subfield code="0">0</subfield>
    <subfield code="1">0</subfield>
    <subfield code="2">ddc</subfield>
    <subfield code="4">0</subfield>
    <subfield code="7">0</subfield>
    <subfield code="8">NFIC</subfield>
    <subfield code="a">RUCL</subfield>
    <subfield code="b">RUCL</subfield>
    <subfield code="c">Stack</subfield>
    <subfield code="d">1996-10-09</subfield>
    <subfield code="e">Bangla Academy, Dhaka</subfield>
    <subfield code="l">0</subfield>
    <subfield code="o">B 891.71  PRO 1985</subfield>
    <subfield code="r">2016-08-11 00:00:00</subfield>
    <subfield code="t">C-2</subfield>
    <subfield code="w">2016-08-11</subfield>
    <subfield code="y">BK</subfield>
  </datafield>
</record>
